Songs with dates or time - Statistics

General Stats
  • This quiz has been taken 26 times
  • The average score is 3 of 10
Answer Stats
Hint Songtitle Artist % Correct
It′s nine o'clock on a saturday The regular crowd shuffles in Piano Man Billy Joel
79%
Friday night and the lights are low Looking out for a place to go Dancing Queen ABBA
58%
Cause tonight for the first time Just about half-past ten It's Raining Men The Weather Girls
33%
Early evening, April four A shot rings out in the Memphis sky Pride (In The Name Of Love) U2
29%
Just own the night Like the Fourth of July Firework Katy Perry
25%
It's the same old theme since 1916 Zombie The Cranberries
21%
It was the third of September That day I'll always remember, yes I will Papa Was A Rolling Stone The Temptations
17%
In the winter of '65 We were hungry, just barely alive The Night They Drove Old Dixie Down The Band
17%
It's 8:15 And that's the time that it's always been Enola Gay Orchestral Manoeuvres In The Dark (O.M.D.)
8%
An August summer night Soldiers passing by Wind Of Change Scorpions
8%
No matching quizzes found
Score Distribution
Percent of People with Each Score
Percentile by Number Answered
Your Score History
You have not taken this quiz